000
00304nam a22001337a 4500
008
181105b xxu||||| |||| 00| 0 eng d
020
_a
7567087668
041
_a
eng
080
_a
321
100
_a
21
101
_a
POL
245
_a
Spliting And Projective Indefication
_c
Jmaes.s.g
942
_2
udc
_c
BK
999
_c
51845
_d
51845